[Event "Tradewise Gibraltar ChallWk1"]
[Site "Gibraltar"]
[Date "2017.01.25"]
[Round "3.25"]
[White "Ruud, Kjetil"]
[Black "Wilen, Eero"]
[Result "0-1"]
[WhiteElo "1773"]
[BlackElo "2035"]
[PlyCount "74"]
[EventDate "2017.01.23"]
[EventType "swiss"]
[EventRounds "5"]
[EventCountry "GGB"]
[SourceTitle "BritBase"]
[Source "www.saund.co.uk"]
[SourceDate "2018.02.10"]
[SourceVersion "1"]
[SourceVersionDate "2018.02.10"]
[SourceQuality "1"]

1. g4 d5 2. Bg2 c6 3. g5 e5 4. d4 e4 5. f4 Bf5 6. Be3 Bd6 7. h4 h5 8. Nh3 Ne7
9. Qd2 Ng6 10. Bf2 Bxh3 11. Bxh3 Nxf4 12. Bf1 Nd7 13. e3 Ne6 14. c4 Ndf8 15.
Nc3 Nc7 16. Be2 g6 17. c5 Be7 18. Rf1 Nfe6 19. Bg3 O-O 20. O-O-O b6 21. cxb6
axb6 22. Rf2 b5 23. b3 Qc8 24. Rdf1 Ng7 25. Kb1 Nce6 26. Be5 Qa6 27. Qc2 Qa5
28. Bd1 Bb4 29. Ne2 Bd2 30. Ng3 Bxe3 31. Nxe4 dxe4 32. Qxe4 Bxf2 33. Rxf2 Qb4
34. Bc2 Rxa2 35. Kxa2 Qc3 36. Bd6 Ra8+ 37. Ba3 b4 0-1

[Event "Tradewise Gibraltar ChallWk1"]
[Site "Gibraltar"]
[Date "2017.01.25"]
[Round "3.26"]
[White "Verneuil, Pascal"]
[Black "Press, Harry"]
[Result "1-0"]
[WhiteElo "2215"]
[BlackElo "1892"]
[PlyCount "105"]
[EventDate "2017.01.23"]
[EventType "swiss"]
[EventRounds "5"]
[EventCountry "GGB"]
[SourceTitle "BritBase"]
[Source "www.saund.co.uk"]
[SourceDate "2018.02.10"]
[SourceVersion "1"]
[SourceVersionDate "2018.02.10"]
[SourceQuality "1"]

1. e4 c5 2. Nc3 Nc6 3. Bb5 g6 4. Bxc6 bxc6 5. f4 Bg7 6. Nf3 d5 7. e5 d4 8. Ne4
Qd5 9. d3 c4 10. O-O Nh6 11. Qe2 cxd3 12. cxd3 O-O 13. b3 Bg4 14. Ba3 Rfe8 15.
Rac1 f6 16. Kh1 Qa5 17. exf6 exf6 18. Qb2 Bxf3 19. Rxf3 f5 20. Nd6 Re1+ 21. Rf1
Rxf1+ 22. Rxf1 Ng4 23. Nc4 Qd5 24. Qe2 c5 25. h3 Nf6 26. Qe7 Re8 27. Qxc5 Re2
28. Qxd5+ Nxd5 29. Bc5 Rxa2 30. Kh2 Bh6 31. Kg3 Re2 32. Bxd4 Nb4 33. Rd1 a6 34.
Kf3 Re6 35. Be5 Nd5 36. Ra1 Bf8 37. Ra5 Nb4 38. d4 Nc6 39. Rd5 Kf7 40. Rd7+ Re7
41. Rd5 Rb7 42. Nd6+ Bxd6 43. Rxd6 Rxb3+ 44. Kf2 Nxe5 45. fxe5 a5 46. d5 a4 47.
Rd7+ Ke8 48. Rxh7 Rb5 49. Rh8+ Ke7 50. d6+ Kd7 51. Rh7+ Kc6 52. Rc7+ Kb6 53. e6
1-0

[Event "Tradewise Gibraltar ChallWk1"]
[Site "Gibraltar"]
[Date "2017.01.25"]
[Round "3.27"]
[White "Byrn, Carsten"]
[Black "Carrascoso Morales, Abel"]
[Result "1/2-1/2"]
[WhiteElo "2003"]
[BlackElo "2200"]
[PlyCount "80"]
[EventDate "2017.01.23"]
[EventType "swiss"]
[EventRounds "5"]
[EventCountry "GGB"]
[SourceTitle "BritBase"]
[Source "www.saund.co.uk"]
[SourceDate "2018.02.10"]
[SourceVersion "1"]
[SourceVersionDate "2018.02.10"]
[SourceQuality "1"]

1. c4 Nf6 2. g3 g6 3. Bg2 Bg7 4. Nf3 O-O 5. O-O Nc6 6. d4 d6 7. Nc3 a6 8. h3
Bd7 9. b3 Rb8 10. Bb2 b5 11. cxb5 axb5 12. Re1 b4 13. Na4 Ne4 14. Rc1 Na7 15.
Qc2 Bc6 16. Nd2 Nc3 17. Nxc3 bxc3 18. Bxc3 Bxg2 19. Kxg2 Nb5 20. e3 c5 21. Nf3
Qd7 22. Bb2 cxd4 23. Nxd4 Nxd4 24. Bxd4 Bxd4 25. exd4 Rb4 26. Qc7 Qf5 27. Qxe7
Rxd4 28. Qe2 Ra8 29. Rc2 d5 30. Rec1 h5 31. Qf3 Qe5 32. Rc8+ Rxc8 33. Rxc8+ Kg7
34. h4 Rd2 35. a4 d4 36. Rd8 Rb2 37. Rd7 Qe6 38. Rxd4 Rxb3 39. Rd3 Rxd3 40.
Qxd3 Qc6+ 1/2-1/2

[Event "Tradewise Gibraltar ChallWk1"]
[Site "Gibraltar"]
[Date "2017.01.25"]
[Round "3.28"]
[White "Hajenius, Willem"]
[Black "Smith, Andrew Philip"]
[Result "1/2-1/2"]
[WhiteElo "1943"]
[BlackElo "2152"]
[PlyCount "62"]
[EventDate "2017.01.23"]
[EventType "swiss"]
[EventRounds "5"]
[EventCountry "GGB"]
[SourceTitle "BritBase"]
[Source "www.saund.co.uk"]
[SourceDate "2018.02.10"]
[SourceVersion "1"]
[SourceVersionDate "2018.02.10"]
[SourceQuality "1"]

1. d4 Nf6 2. c4 c5 3. d5 e6 4. Nc3 exd5 5. cxd5 d6 6. e4 g6 7. f4 Bg7 8. Nf3
O-O 9. Be2 Bg4 10. e5 dxe5 11. fxe5 Bxf3 12. Bxf3 Nfd7 13. O-O Nxe5 14. Be3
Nbd7 15. Ne4 Nxf3+ 16. Qxf3 Ne5 17. Qg3 Qxd5 18. Nxc5 Nc4 19. Rad1 Qc6 20. Bf2
Nxb2 21. Rd6 Qb5 22. Ne4 Nc4 23. Nf6+ Bxf6 24. Rxf6 Nd2 25. Re1 Rae8 26. Rf4
Rxe1+ 27. Bxe1 Qb1 28. Qe3 Rd8 29. Qe7 Rf8 30. Qe3 Rd8 31. Qe7 Rf8 1/2-1/2

[Event "Tradewise Gibraltar ChallWk1"]
[Site "Gibraltar"]
[Date "2017.01.25"]
[Round "3.29"]
[White "Eagleton, Greg T"]
[Black "Amgalanbaatar, Ravdanlkhumbuu"]
[Result "0-1"]
[WhiteElo "2055"]
[BlackElo "1988"]
[PlyCount "136"]
[EventDate "2017.01.23"]
[EventType "swiss"]
[EventRounds "5"]
[EventCountry "GGB"]
[SourceTitle "BritBase"]
[Source "www.saund.co.uk"]
[SourceDate "2018.02.10"]
[SourceVersion "1"]
[SourceVersionDate "2018.02.10"]
[SourceQuality "1"]

1. d4 d6 2. Nf3 Bg4 3. c4 Bxf3 4. gxf3 Nd7 5. Nc3 g6 6. Qb3 Rb8 7. e4 Bg7 8.
Be3 Ngf6 9. Be2 O-O 10. f4 e5 11. fxe5 dxe5 12. d5 b6 13. O-O-O Ne8 14. h4 h6
15. Qc2 Nd6 16. f3 Qe7 17. Rdg1 a5 18. Qd2 Kh7 19. Bf1 Rb7 20. Qh2 Nc5 21. Bg5
f6 22. Be3 Qf7 23. h5 g5 24. Bxc5 bxc5 25. Nb5 f5 26. Bd3 fxe4 27. Nxd6 cxd6
28. Bxe4+ Kh8 29. Rg2 Rfb8 30. Kb1 a4 31. Rc2 Qf4 32. Qh3 Qf6 33. Rf1 Bf8 34.
Rd1 a3 35. b3 Qg7 36. Qe6 Rf7 37. Rh1 Rf6 38. Qg4 Rf4 39. Qe6 Rf6 40. Qg4 Rb7
41. Qc8 Qd7 42. Qxd7 Rxd7 43. Rg2 Be7 44. Kc2 Rb7 45. Kd3 Bd8 46. Rhh2 Ba5 47.
Rg4 Rbf7 48. Ke3 Bc3 49. Kd3 Bd4 50. Ke2 Rb7 51. Kd3 Rf8 52. Re2 Rfb8 53. Rgg2
Rxb3+ 54. axb3 Rxb3+ 55. Kc2 a2 56. Kxb3 a1=Q 57. Kc2 Qc3+ 58. Kb1 Qxc4 59. Rb2
Qf1+ 60. Ka2 c4 61. Rb8+ Kg7 62. Rgb2 Bxb2 63. Rxb2 c3 64. Rb7+ Kf6 65. Rh7
Qc4+ 66. Ka3 c2 67. Rxh6+ Ke7 68. Rh7+ Kf8 0-1

[Event "Tradewise Gibraltar ChallWk1"]
[Site "Gibraltar"]
[Date "2017.01.25"]
[Round "3.30"]
[White "Mottonen, Ari"]
[Black "Van Dongen, Edwin"]
[Result "0-1"]
[WhiteElo "1997"]
[BlackElo "2043"]
[PlyCount "86"]
[EventDate "2017.01.23"]
[EventType "swiss"]
[EventRounds "5"]
[EventCountry "GGB"]
[SourceTitle "BritBase"]
[Source "www.saund.co.uk"]
[SourceDate "2018.02.10"]
[SourceVersion "1"]
[SourceVersionDate "2018.02.10"]
[SourceQuality "1"]

1. Nf3 d5 2. g3 Nf6 3. Bg2 Bf5 4. O-O e6 5. d3 c6 6. Nbd2 Be7 7. b3 O-O 8. Bb2
a5 9. a4 Na6 10. Ne5 h6 11. e4 Bh7 12. Qe2 Qb6 13. Ng4 Qd8 14. Ne3 d4 15. Nec4
Nb4 16. Nf3 c5 17. Rae1 Nd7 18. Nfe5 Nxe5 19. Nxe5 Bd6 20. Nc4 Bc7 21. f4 Qd7
22. Rf2 b5 23. axb5 Qxb5 24. Qh5 Rad8 25. f5 exf5 26. exf5 Nd5 27. f6 Bg6 28.
Qh4 Nxf6 29. Rxf6 gxf6 30. Qxf6 Rde8 31. Be4 Bd8 32. Qf3 Re6 33. Bc1 Bg5 34.
Bf4 Kg7 35. Rf1 Bxe4 36. dxe4 Qc6 37. Ne5 Qd6 38. Nd3 Qe7 39. e5 f6 40. Qd5
fxe5 41. Nxe5 Rf5 42. h4 Rfxe5 43. Bxe5+ Rxe5 0-1

[Event "Tradewise Gibraltar ChallWk1"]
[Site "Gibraltar"]
[Date "2017.01.25"]
[Round "3.32"]
[White "Bendayan Claros, Aaron"]
[Black "Mashayekh, Majid"]
[Result "1-0"]
[WhiteElo "2128"]
[BlackElo "1944"]
[PlyCount "99"]
[EventDate "2017.01.23"]
[EventType "swiss"]
[EventRounds "5"]
[EventCountry "GGB"]
[SourceTitle "BritBase"]
[Source "www.saund.co.uk"]
[SourceDate "2018.02.10"]
[SourceVersion "1"]
[SourceVersionDate "2018.02.10"]
[SourceQuality "1"]

1. d4 Nf6 2. c4 e6 3. Nc3 d5 4. cxd5 exd5 5. Bg5 Nbd7 6. e3 Be7 7. Bd3 c6 8.
Nge2 O-O 9. Qc2 Re8 10. f3 Nf8 11. O-O Nh5 12. Bxe7 Qxe7 13. e4 Be6 14. e5 g6
15. f4 f5 16. Na4 Rac8 17. a3 Rc7 18. b4 Nd7 19. Rac1 Rec8 20. Nc5 Ng7 21. Qa4
b5 22. Qa5 Nb6 23. a4 bxa4 24. Nxa4 Nxa4 25. Qxa4 Rb8 26. Rxc6 Rxc6 27. Qxc6
Rxb4 28. Ra1 Qb7 29. Qxb7 Rxb7 30. Kf2 Bd7 31. Ra5 Bc6 32. Ra6 Rc7 33. Ke3 Ne6
34. Nc3 Bb7 35. Ra3 a6 36. Be2 g5 37. g3 gxf4+ 38. gxf4 Kf7 39. Bd3 Kg6 40. Ne2
Rc6 41. Ra1 Ng7 42. Ra5 Rb6 43. Nc3 Rb2 44. Bxa6 Bc6 45. Bd3 Bb7 46. Rb5 Rxb5
47. Nxb5 Bc6 48. Nc7 Kf7 49. Bc2 Ke7 50. Bb3 1-0

[Event "Tradewise Gibraltar ChallWk1"]
[Site "Gibraltar"]
[Date "2017.01.25"]
[Round "3.33"]
[White "Hamer, Martyn"]
[Black "Spanton, Tim R"]
[Result "0-1"]
[WhiteElo "2039"]
[BlackElo "1964"]
[PlyCount "50"]
[EventDate "2017.01.23"]
[EventType "swiss"]
[EventRounds "5"]
[EventCountry "GGB"]
[SourceTitle "BritBase"]
[Source "www.saund.co.uk"]
[SourceDate "2018.02.10"]
[SourceVersion "1"]
[SourceVersionDate "2018.02.10"]
[SourceQuality "1"]

1. d4 d5 2. c4 e6 3. Nc3 Nf6 4. Bg5 c5 5. cxd5 cxd4 6. Qxd4 Be7 7. Rd1 exd5 8.
Nf3 Nc6 9. Qa4 O-O 10. e3 Be6 11. Be2 Qb6 12. Qb5 Rfd8 13. Qxb6 axb6 14. a3 Na5
15. Nd4 Rdc8 16. O-O Bxa3 17. bxa3 Rxc3 18. Bxf6 gxf6 19. Nb5 Rc5 20. Rb1 Nc4
21. Bxc4 dxc4 22. Rfc1 Ra6 23. Rb4 c3 24. a4 Bd7 25. Kf1 Rxa4 0-1

[Event "Tradewise Gibraltar ChallWk1"]
[Site "Gibraltar"]
[Date "2017.01.25"]
[Round "3.34"]
[White "Stole, Andreas"]
[Black "Bernstein, Nathan"]
[Result "0-1"]
[WhiteElo "1946"]
[BlackElo "2015"]
[PlyCount "71"]
[EventDate "2017.01.23"]
[EventType "swiss"]
[EventRounds "5"]
[EventCountry "GGB"]
[SourceTitle "BritBase"]
[Source "www.saund.co.uk"]
[SourceDate "2018.02.10"]
[SourceVersion "1"]
[SourceVersionDate "2018.02.10"]
[SourceQuality "1"]

1. e4 e6 2. d4 d5 3. Nc3 Nf6 4. Bg5 Be7 5. e5 Nfd7 6. Bxe7 Qxe7 7. Nf3 a6 8. a3
c5 9. Ne2 cxd4 10. Nexd4 Nc6 11. Nxc6 bxc6 12. c3 O-O 13. Bd3 a5 14. Qc2 f5 15.
O-O c5 16. Rab1 c4 17. Be2 Nc5 18. Nd4 Bd7 19. f4 Rab8 20. g4 g6 21. gxf5 gxf5
22. Bf3 Kh8 23. Kh1 Qh4 24. Qd2 Rg8 25. Bg2 Rg4 26. Qe3 Nd3 27. Nf3 Qd8 28. Ng5
Qb6 29. Qh3 Rxg5 30. fxg5 Be8 31. Qh6 Bg6 32. Bf3 Nxe5 33. Qh4 Nxf3 34. Rxf3 f4
35. Re1 Be4 36. g6 0-1

[Event "Tradewise Gibraltar ChallWk1"]
[Site "Gibraltar"]
[Date "2017.01.25"]
[Round "3.35"]
[White "Slinger, Tony J"]
[Black "Ruiz Manrique, Joaquin"]
[Result "1/2-1/2"]
[WhiteElo "1911"]
[BlackElo "1986"]
[PlyCount "87"]
[EventDate "2017.01.23"]
[EventType "swiss"]
[EventRounds "5"]
[EventCountry "GGB"]
[SourceTitle "BritBase"]
[Source "www.saund.co.uk"]
[SourceDate "2018.02.10"]
[SourceVersion "1"]
[SourceVersionDate "2018.02.10"]
[SourceQuality "1"]

1. e4 g6 2. d4 Bg7 3. Nc3 d6 4. g3 a6 5. Bg2 Nd7 6. Nge2 e5 7. Be3 b5 8. h3 Bb7
9. O-O Ne7 10. Qd2 Nb6 11. b3 b4 12. Nd1 a5 13. a4 f5 14. f3 Ba6 15. c4 bxc3
16. Ndxc3 O-O 17. Rfd1 Nc6 18. Rac1 Nb4 19. dxe5 dxe5 20. Nb5 Bxb5 21. axb5
Qxd2 22. Rxd2 Rf7 23. Nc3 f4 24. gxf4 exf4 25. Bc5 Rd7 26. Rxd7 Nxd7 27. Bxb4
axb4 28. Nd5 Bd4+ 29. Kh1 Ne5 30. Rd1 c5 31. bxc6 Nxc6 32. Nxf4 Ra3 33. Bf1 Be5
34. Bc4+ Kg7 35. Nd3 Ra2 36. f4 Bb8 37. e5 g5 38. Rg1 h6 39. fxg5 Bxe5 40.
gxh6+ Kxh6 41. Rf1 Rh2+ 42. Kg1 Rxh3 43. Kg2 Rh5 44. Rh1 1/2-1/2

[Event "Tradewise Gibraltar ChallWk1"]
[Site "Gibraltar"]
[Date "2017.01.25"]
[Round "3.36"]
[White "Odeh, Kenneth"]
[Black "Miracola, Giorgia"]
[Result "1/2-1/2"]
[WhiteElo "1969"]
[BlackElo "1924"]
[PlyCount "131"]
[EventDate "2017.01.23"]
[EventType "swiss"]
[EventRounds "5"]
[EventCountry "GGB"]
[SourceTitle "BritBase"]
[Source "www.saund.co.uk"]
[SourceDate "2018.02.10"]
[SourceVersion "1"]
[SourceVersionDate "2018.02.10"]
[SourceQuality "1"]

1. d4 g6 2. Nf3 Bg7 3. c4 c5 4. d5 f5 5. Nc3 Nf6 6. Qc2 d6 7. g3 O-O 8. Bg2 Na6
9. a3 Nc7 10. O-O Rb8 11. a4 Na6 12. Na2 Bd7 13. Bd2 Ne4 14. Be1 Qe8 15. Nc3
Nb4 16. Qb3 Nf6 17. Nd2 a6 18. Ndb1 e5 19. Na3 f4 20. Nc2 Nxc2 21. Qxc2 Bf5 22.
Ne4 Qd7 23. Bd2 Rbe8 24. Nxf6+ Rxf6 25. Qc1 g5 26. e4 Bh3 27. f3 Bxg2 28. Kxg2
h5 29. Qe1 Rg6 30. h3 g4 31. fxg4 hxg4 32. h4 f3+ 33. Kf2 Bh6 34. Bxh6 Rxh6 35.
Qe3 Qh7 36. a5 Kf7 37. Rh1 Rb8 38. Ra3 b5 39. Rb3 b4 40. Rd3 Rg8 41. Rdd1 Kf6
42. Rh2 Rh5 43. Rdh1 Qc7 44. Ra1 Qd7 45. Ke1 Qh7 46. Kf2 Qd7 47. Qd2 Qh7 48.
Qc2 Qe7 49. Rf1 Rg7 50. Rhh1 Rgh7 51. Ke3 Kf7 52. Kd3 Kf6 53. b3 Kf7 54. Qd2
Kf6 55. Rf2 Kg6 56. Rhf1 Rf7 57. Qe3 Rg7 58. Rh2 Rgh7 59. Rhh1 Kf6 60. Qd2 Kf7
61. Ke3 Ke8 62. Kf2 Kf8 63. Ra1 Kf7 64. Qa2 R7h6 65. Qd2 Rg6 66. Ra4 1/2-1/2

[Event "Tradewise Gibraltar ChallWk1"]
[Site "Gibraltar"]
[Date "2017.01.26"]
[Round "4.1"]
[White "Renteria, Jorge"]
[Black "Paronen, Petteri"]
[Result "1/2-1/2"]
[WhiteElo "2242"]
[BlackElo "2164"]
[PlyCount "42"]
[EventDate "2017.01.23"]
[EventType "swiss"]
[EventRounds "5"]
[EventCountry "GGB"]
[SourceTitle "BritBase"]
[Source "www.saund.co.uk"]
[SourceDate "2018.02.10"]
[SourceVersion "1"]
[SourceVersionDate "2018.02.10"]
[SourceQuality "1"]

1. e4 d6 2. d4 Nf6 3. Nc3 c6 4. a4 Qa5 5. Bd3 e5 6. dxe5 dxe5 7. h3 Be7 8. Nf3
O-O 9. O-O Nbd7 10. Qe2 Qc7 11. Re1 Nc5 12. Bd2 b6 13. Bc4 Ne6 14. Bxe6 Bxe6
15. Nh4 Rfe8 16. Nf5 Bf8 17. Qf3 Nd7 18. Qg3 f6 19. Be3 a6 20. Red1 b5 21. Qf3
Nb6 1/2-1/2

[Event "Tradewise Gibraltar ChallWk1"]
[Site "Gibraltar"]
[Date "2017.01.26"]
[Round "4.2"]
[White "Gonzalez Gonzalez, Alfonso"]
[Black "Madina Yadarola, Martin"]
[Result "1/2-1/2"]
[WhiteElo "2162"]
[BlackElo "2214"]
[PlyCount "136"]
[EventDate "2017.01.23"]
[EventType "swiss"]
[EventRounds "5"]
[EventCountry "GGB"]
[SourceTitle "BritBase"]
[Source "www.saund.co.uk"]
[SourceDate "2018.02.10"]
[SourceVersion "1"]
[SourceVersionDate "2018.02.10"]
[SourceQuality "1"]

1. d4 c5 2. e4 cxd4 3. Nf3 e6 4. Nxd4 a6 5. Bd3 Nc6 6. Be3 Nf6 7. O-O d5 8.
exd5 Nxd5 9. Nxc6 bxc6 10. Qf3 Bd6 11. Nc3 Qc7 12. Nxd5 cxd5 13. c4 Bb7 14.
cxd5 Bxd5 15. Be4 Bxe4 16. Qxe4 O-O 17. g3 Rab8 18. b3 Rb4 19. Qd3 a5 20. Rac1
Qb8 21. Rfd1 Be7 22. Qd7 Rb7 23. Qc6 Bb4 24. Bf4 Qa8 25. Bd6 Bxd6 26. Rxd6 g6
27. Rc4 Rb4 28. Qxa8 Rxa8 29. Rdc6 Rb5 30. R6c5 Rab8 31. Kf1 Kg7 32. Ke1 Rxc5
33. Rxc5 a4 34. Rc3 g5 35. Kd2 axb3 36. axb3 Rb5 37. Kd3 Rb4 38. Kc2 Rb5 39.
Kb2 Kf6 40. Rc4 Ke5 41. Rc7 f5 42. Rxh7 g4 43. Rd7 Ke4 44. Rd2 e5 45. Kc3 Rb8
46. b4 f4 47. Rb2 Rc8+ 48. Kd2 Kf3 49. Kd1 Rd8+ 50. Ke1 Ra8 51. gxf4 exf4 52.
b5 Ra1+ 53. Kd2 Kxf2 54. b6 Ra8 55. Kd3+ Kg1 56. b7 Rb8 57. Rb4 Kxh2 58. Rxf4
g3 59. Rh4+ Kg1 60. Rh7 g2 61. Kc4 Kf1 62. Rf7+ Ke2 63. Re7+ Kf3 64. Rf7+ Ke2
65. Re7+ Kf2 66. Rf7+ Ke2 67. Re7+ Kf2 68. Rf7+ Ke2 1/2-1/2

[Event "Tradewise Gibraltar ChallWk1"]
[Site "Gibraltar"]
[Date "2017.01.26"]
[Round "4.3"]
[White "Lochte, Thomas"]
[Black "Galmandakh, Badrakh"]
[Result "1/2-1/2"]
[WhiteElo "2070"]
[BlackElo "2215"]
[PlyCount "175"]
[EventDate "2017.01.23"]
[EventType "swiss"]
[EventRounds "5"]
[EventCountry "GGB"]
[SourceTitle "BritBase"]
[Source "www.saund.co.uk"]
[SourceDate "2018.02.10"]
[SourceVersion "1"]
[SourceVersionDate "2018.02.10"]
[SourceQuality "1"]

1. e4 d6 2. d4 Nf6 3. Nc3 e5 4. Nf3 Nbd7 5. Bc4 Be7 6. h3 c6 7. a4 O-O 8. Be3
exd4 9. Qxd4 Qa5 10. b4 Qb6 11. O-O d5 12. exd5 Bxb4 13. dxc6 Bc5 14. Qh4 Qxc6
15. Nd4 Bxd4 16. Qxd4 Ne5 17. Bb5 Qe6 18. Rfe1 Qf5 19. Bf4 Ng6 20. Bd6 Rd8 21.
Ne4 Nxe4 22. Rxe4 Be6 23. Bd3 Qd5 24. Qxd5 Bxd5 25. Rd4 Rxd6 26. Bxg6 hxg6 27.
c4 Rc8 28. cxd5 Kf8 29. Rh4 Kg8 30. Re1 Rxd5 31. Re7 g5 32. Rb4 Rc1+ 33. Kh2
Rc2 34. f3 Rf5 35. Kg3 Rd5 36. Rg4 Rb2 37. h4 gxh4+ 38. Rxh4 g5 39. Rg4 Kg7 40.
f4 Kf6 41. Re4 Rb3+ 42. Kh2 gxf4 43. Rexf4+ Rf5 44. Rd4 Ke6 45. Rge4+ Re5 46.
Rh4 Rg5 47. Rhe4+ Kf6 48. g4 Rc5 49. Rf4+ Kg7 50. Rf2 Rc7 51. Rdf4 Ra3 52. Kg2
Kg6 53. Rf6+ Kg7 54. R6f4 b6 55. Rd4 Kg6 56. Rb4 Kg5 57. Rf5+ Kg6 58. Rf2 Rcc3
59. Rbf4 Rc7 60. Rb4 Rc5 61. Rbf4 Kg5 62. Rxf7 Rxa4 63. Rg7+ Kh6 64. Rff7 Rc2+
65. Kf3 Rc3+ 66. Ke2 Ra2+ 67. Kd1 Rg3 68. Rh7+ Kg5 69. Rhg7+ Kh4 70. Rh7+ Kxg4
71. Rhg7+ Kh3 72. Rh7+ Kg2 73. Rxa7 Rf2 74. Rhg7 Rf1+ 75. Kc2 Rf2+ 76. Kb1 Rf1+
77. Kb2 Rf2+ 78. Kb1 Rf1+ 79. Kb2 Rf2+ 80. Kb1 Rxg7 81. Rxg7+ Kf1 82. Rb7 Rf6
83. Kb2 Ke2 84. Kc3 Ke3 85. Kc4 Ke4 86. Kb5 Kd5 87. Rxb6 Rf1 88. Rh6 1/2-1/2

[Event "Tradewise Gibraltar ChallWk1"]
[Site "Gibraltar"]
[Date "2017.01.26"]
[Round "4.4"]
[White "Severijnen, Arjon"]
[Black "Kulkarni, Chinmay"]
[Result "1/2-1/2"]
[WhiteElo "2153"]
[BlackElo "2208"]
[PlyCount "56"]
[EventDate "2017.01.23"]
[EventType "swiss"]
[EventRounds "5"]
[EventCountry "GGB"]
[SourceTitle "BritBase"]
[Source "www.saund.co.uk"]
[SourceDate "2018.02.10"]
[SourceVersion "1"]
[SourceVersionDate "2018.02.10"]
[SourceQuality "1"]

1. e4 c5 2. Nf3 Nc6 3. Bb5 g6 4. Bxc6 dxc6 5. d3 Bg7 6. h3 Nf6 7. Nc3 Nd7 8.
O-O e5 9. Be3 b6 10. Qd2 h5 11. Ne2 Nf8 12. c3 Ne6 13. Ng5 O-O 14. Rad1 Re8 15.
b3 Qe7 16. Nxe6 Bxe6 17. f4 exf4 18. Nxf4 Rad8 19. Qc2 Bc8 20. Ne2 Ba6 21. Rf3
Rd7 22. Bc1 Qd8 23. c4 Bc8 24. Rdf1 Qe7 25. Bb2 Bxb2 26. Qxb2 Red8 27. Nf4 Qd6
28. Kh1 Qd4 1/2-1/2

[Event "Tradewise Gibraltar ChallWk1"]
[Site "Gibraltar"]
[Date "2017.01.26"]
[Round "4.5"]
[White "Kandic, Milan"]
[Black "Derakhshani, Borna"]
[Result "1/2-1/2"]
[WhiteElo "2061"]
[BlackElo "2195"]
[PlyCount "39"]
[EventDate "2017.01.23"]
[EventType "swiss"]
[EventRounds "5"]
[EventCountry "GGB"]
[SourceTitle "BritBase"]
[Source "www.saund.co.uk"]
[SourceDate "2018.02.10"]
[SourceVersion "1"]
[SourceVersionDate "2018.02.10"]
[SourceQuality "1"]

1. e4 e5 2. Nf3 Nc6 3. Bc4 Bc5 4. d3 Nf6 5. Bg5 h6 6. Bh4 d6 7. h3 Ne7 8. Bxf6
gxf6 9. Qe2 Ng6 10. g3 Be6 11. Nbd2 Qd7 12. Bxe6 Qxe6 13. Nb3 O-O-O 14. O-O-O
Bb6 15. c4 f5 16. Nfd2 fxe4 17. Nxe4 d5 18. c5 dxe4 19. cxb6 Qxb6 20. dxe4
1/2-1/2

[Event "Tradewise Gibraltar ChallWk1"]
[Site "Gibraltar"]
[Date "2017.01.26"]
[Round "4.6"]
[White "Villar Reymundo, Juan Antonio"]
[Black "Lopez De Turiso, Jose Angel"]
[Result "1-0"]
[WhiteElo "2212"]
[BlackElo "2019"]
[PlyCount "43"]
[EventDate "2017.01.23"]
[EventType "swiss"]
[EventRounds "5"]
[EventCountry "GGB"]
[SourceTitle "BritBase"]
[Source "www.saund.co.uk"]
[SourceDate "2018.02.10"]
[SourceVersion "1"]
[SourceVersionDate "2018.02.10"]
[SourceQuality "1"]

1. d4 Nf6 2. c4 g6 3. g3 Bg7 4. Bg2 O-O 5. Nc3 d6 6. Nf3 Nbd7 7. O-O e5 8. h3
exd4 9. Nxd4 Re8 10. e4 a6 11. Bf4 Nc5 12. Re1 Bd7 13. Qd2 Rb8 14. Rad1 b5 15.
b4 Ne6 16. Nxe6 Bxe6 17. cxb5 axb5 18. e5 Nh5 19. exd6 Nxf4 20. Qxf4 cxd6 21.
Rxd6 Qc7 22. Rdxe6 1-0

[Event "Tradewise Gibraltar ChallWk1"]
[Site "Gibraltar"]
[Date "2017.01.26"]
[Round "4.7"]
[White "Lung, Liviu-Catalin"]
[Black "Meszaros, Andras"]
[Result "1-0"]
[WhiteElo "2090"]
[BlackElo "2240"]
[PlyCount "164"]
[EventDate "2017.01.23"]
[EventType "swiss"]
[EventRounds "5"]
[EventCountry "GGB"]
[SourceTitle "BritBase"]
[Source "www.saund.co.uk"]
[SourceDate "2018.02.10"]
[SourceVersion "1"]
[SourceVersionDate "2018.02.10"]
[SourceQuality "1"]

1. e4 c5 2. Nf3 Nc6 3. d4 cxd4 4. Nxd4 Nf6 5. Nc3 g6 6. Be3 Bg7 7. Nb3 O-O 8.
Be2 d6 9. O-O b6 10. f4 Bb7 11. g4 Rc8 12. g5 Nd7 13. Qd2 Nc5 14. Bf3 Nb8 15.
Nxc5 bxc5 16. Rad1 Nc6 17. Bg4 Rb8 18. e5 dxe5 19. Qf2 Nd4 20. f5 Qb6 21. Ne2
Qc6 22. Ng3 gxf5 23. Bxd4 exd4 24. Bxf5 c4 25. Be4 Qc5 26. Bxb7 Rxb7 27. Nf5
Rxb2 28. Nxg7 Kxg7 29. Qxd4+ Qxd4+ 30. Rxd4 Rxc2 31. Rd7 Rxa2 32. Rxe7 Kg6 33.
Rc7 Kxg5 34. Rxc4 f5 35. Rc7 h6 36. Rg7+ Kf6 37. Rg3 Rc8 38. Rh3 Rg8+ 39. Kh1
Rg6 40. Rhf3 Ra5 41. Rc3 Rg4 42. Rc6+ Kg5 43. Rc7 Rga4 44. Rg1+ Kh5 45. Rf7 Rg4
46. Rf1 Kg6 47. Rf8 Rga4 48. Rg1+ Rg4 49. Rf1 Rb5 50. Rg8+ Kh5 51. Rf8 Rg5 52.
Ra8 a5 53. Ra7 Rg4 54. Rf7 Kg6 55. Rf8 h5 56. h3 Rg5 57. Rg8+ Kh6 58. Rh8+ Kg7
59. Ra8 Rb3 60. Kh2 Rb2+ 61. Kh1 Ra2 62. Ra7+ Kh6 63. Ra6+ Rg6 64. Ra8 Rf6 65.
Rg1 Rg6 66. Rh8+ Kg7 67. Rxh5 Rxg1+ 68. Kxg1 Kg6 69. Rh8 a4 70. Rg8+ Kf6 71.
Rf8+ Kg5 72. h4+ Kg4 73. h5 Rb2 74. Ra8 Kg3 75. Rg8+ Kf3 76. h6 Rb1+ 77. Kh2
Rb6 78. Rg3+ Kf4 79. h7 Rb2+ 80. Rg2 Rb8 81. Rg8 Rb2+ 82. Rg2 Rb8 1-0

[Event "Tradewise Gibraltar ChallWk1"]
[Site "Gibraltar"]
[Date "2017.01.26"]
[Round "4.8"]
[White "Kozarcanin, Sead"]
[Black "Damia, Angelo"]
[Result "0-1"]
[WhiteElo "2069"]
[BlackElo "2233"]
[PlyCount "136"]
[EventDate "2017.01.23"]
[EventType "swiss"]
[EventRounds "5"]
[EventCountry "GGB"]
[SourceTitle "BritBase"]
[Source "www.saund.co.uk"]
[SourceDate "2018.02.10"]
[SourceVersion "1"]
[SourceVersionDate "2018.02.10"]
[SourceQuality "1"]

1. Nf3 d5 2. d3 Nf6 3. g3 Nc6 4. Nbd2 e5 5. e4 Bc5 6. Bg2 dxe4 7. dxe4 Bg4 8.
h3 Bh5 9. g4 Bg6 10. Qe2 O-O 11. O-O Qe7 12. c3 a5 13. a4 Rad8 14. Re1 Nd7 15.
Nf1 Nb6 16. b3 Rd7 17. Ng3 Rfd8 18. Bf1 f6 19. Rb1 Kh8 20. Be3 Bxe3 21. Qxe3
Qa3 22. Bb5 Bf7 23. Qc1 Qc5 24. Kg2 Nc8 25. Qe3 Qxe3 26. Rxe3 N8e7 27. Ree1 Ng6
28. Ne2 Rd6 29. h4 Na7 30. h5 Nf8 31. Ng3 Nxb5 32. axb5 Rd3 33. Rec1 Ne6 34.
Ne2 Nc5 35. b4 Nxe4 36. bxa5 Bd5 37. c4 Be6 38. Nfg1 Nd2 39. Rb2 Nxc4 40. Rb4
Bd5+ 41. Kh2 Nd2 42. Ra4 c6 43. b6 Rb3 44. Nc3 Bc4 45. Kg2 Bf1+ 46. Kh2 Ba6 47.
Ra2 Rd3 48. Na4 Ra3 49. Rxa3 Rxa3 50. Nc5 Rxa5 51. Nxa6 Rxa6 52. Rd1 Ra2 53.
Kg2 h6 54. Ne2 Nc4 55. Rd8+ Kh7 56. Nc3 Rd2 57. Rc8 Nxb6 58. Rb8 Nd5 59. Ne4
Nf4+ 60. Kg3 Rd3+ 61. f3 Rd7 62. Nc5 Rd5 63. Ne4 Rd7 64. Nc5 Re7 65. Nxb7 Ne6
66. Nd6 c5 67. Nf5 Rc7 68. Re8 Nf4 0-1